Jaque mate : (Registro nro. 4575)
[ vista simple ]
| 000 -LEADER | |
|---|---|
| fixed length control field | 01195nam a2200253Ia 4500 |
| 003 - CONTROL NUMBER IDENTIFIER | |
| control field | OSt |
| 005 - DATE AND TIME OF LATEST TRANSACTION | |
| control field | 20200908143727.0 |
| 008 - FIXED-LENGTH DATA ELEMENTS--GENERAL INFORMATION | |
| fixed length control field | 191128s1999 ck ao gr 000 0dspa d |
| 020 ## - INTERNATIONAL STANDARD BOOK NUMBER | |
| International Standard Book Number | 9580456003 |
| 040 ## - CATALOGING SOURCE | |
| Original cataloging agency | CO-JMCR |
| Transcribing agency | CO-JMCR |
| 041 0# - LANGUAGE CODE | |
| Language code of text/sound track or separate title | spa |
| 082 04 - DEWEY DECIMAL CLASSIFICATION NUMBER | |
| Classification number | 363.45 / |
| Item number | S487j |
| Edition number | 23 |
| 100 1# - MAIN ENTRY--PERSONAL NAME | |
| Personal name | Serrano Cadena, Rosso José, |
| Relator term | autor |
| 9 (RLIN) | 9963 |
| 245 10 - TITLE STATEMENT | |
| Title | Jaque mate : |
| Remainder of title | de cómo la policía le ganó la partida a "el ajedrecista" y a los carteles del narcotráfico / |
| Statement of responsibility, etc. | Rosso José Serrano Cadena ; con la colaboración de Santiago Gamboa |
| 250 ## - EDITION STATEMENT | |
| Edition statement | Primera edicicón |
| 260 ## - PUBLICATION, DISTRIBUTION, ETC. | |
| Place of publication, distribution, etc. | Bogotá : |
| Name of publisher, distributor, etc. | Norma, |
| Date of publication, distribution, etc. | 1999 |
| 300 ## - PHYSICAL DESCRIPTION | |
| Extent | 302 páginas : |
| Other physical details | fotografías a color ; |
| Dimensions | 22 cm. |
| 490 0# - SERIES STATEMENT | |
| Series statement | Bibliografías y documentos |
| 500 ## - GENERAL NOTE | |
| General note | Incluye datos biografícos de los autores en solapas. |
| 505 0# - FORMATTED CONTENTS NOTE | |
| Formatted contents note | "Cañengo" -- Entrada a la policía -- Aparición de las mafias -- "El Ajedrecista" -- Hacia la dirección de la policía -- Director de la policía -- "El señor" -- Los carteles -- "El papi" -- Cartel de Cali -- "El Alacran" -- Desarrollo paralelo de la policía |
| 650 14 - SUBJECT ADDED ENTRY--TOPICAL TERM | |
| Topical term or geographic name entry element | Traficantes de drogas |
| Geographic subdivision | Colombia |
| 9 (RLIN) | 9964 |
| 700 1# - ADDED ENTRY--PERSONAL NAME | |
| Personal name | Gamboa, Santiago, |
| Relator term | colaborador |
| 9 (RLIN) | 9965 |
| 942 ## - ADDED ENTRY ELEMENTS (KOHA) | |
| Source of classification or shelving scheme | Dewey Decimal Classification |
| Koha item type | Books |
| Withdrawn status | Lost status | Source of classification or shelving scheme | Damaged status | Not for loan | Collection code | Home library | Current library | Date acquired | Source of acquisition | Total Checkouts | Full call number | Barcode | Date last seen | Date last checked out | Copy number | Koha item type |
|---|---|---|---|---|---|---|---|---|---|---|---|---|---|---|---|---|
| Dewey Decimal Classification | Non-fiction | Biblioteca Pública José María del Castillo y Rada | Biblioteca Pública José María del Castillo y Rada | 04/15/2018 | Donación | 3 | 363.45 / S487j | 201809508 | 05/16/2024 | 12/20/2019 | Ej.1 | Books |